[Event "Sigeman & Co 13th"]
[Site "Malmo/Copenhagen"]
[Date "2005.04.24"]
[Round "9"]
[White "Hillarp Persson, Tiger"]
[Black "Hermansson, Emil"]
[Result "0-1"]
[WhiteElo "2533"]
[BlackElo "2432"]
[Annotator "Finkel,A"]
[PlyCount "80"]
[EventDate "2005.04.15"]
[EventType "tourn"]
[EventRounds "9"]
[EventCountry "SWE"]
[EventCategory "13"]
[SourceTitle "CBM 107"]
[Source "ChessBase"]
[SourceDate "2005.08.01"]
[SourceVersion "1"]
[SourceVersionDate "2005.08.01"]
[SourceQuality "1"]

1. d4 Nf6 2. c3 g6 3. Bg5 Bg7 4. Nd2 d5 5. e3 O-O 6. Bd3 Nbd7 7. f4 $5 {
Intending to play a "stone-wall" formation without worries about the
dark-squared bishop.} c5 8. Ngf3 cxd4 (8... Qc7 9. O-O e6 10. Ne5 b6 11. g4 Bb7
12. Bxf6 Bxf6 13. Nxd7 Qxd7 14. g5 Bg7 15. Nf3 f5 16. gxf6 Bxf6 17. Qe2 Rf7 $13
{Bohm,H-Timmerman,G/Dieren 1984}) (8... Qb6 9. Qc2 (9. Rb1 Ng4 10. Qe2 (10. f5
e5 (10... Re8) 11. h3 Nxe3 12. Bxe3 e4 13. O-O exd3 14. dxc5 Qa6 15. a3 Nf6 16.
fxg6 hxg6 17. Bd4 $14 {Piankov,E-Perez Fungueiro,M/Pontevedra 2002}) 10... f6
11. Bh4 e5 12. fxe5 fxe5 13. dxc5 Nxc5 14. e4 Nxd3+ 15. Qxd3 dxe4 16. Nxe4 Bf5
$15 {0-1 Kiss,I-Korpics,Z/Hungary 1993 (54)}) (9. Qb1 Qe6 10. Ne5 Nxe5 11. fxe5
Ne8 12. O-O f6 13. exf6 exf6 14. Bf4 g5 15. Bg3 f5 16. Nf3 h6 17. Be5 Nf6 $13 {
Mohr,G-Kozul,Z/Graz 1994}) 9... c4 10. Be2 Ng4 11. Nf1 Qe6 12. Qc1 b5 13. h3
Ngf6 14. Ng3 Ne8 15. O-O f6 16. Bh4 Qb6 $132 {Berg,K-Kozul,Z/Novi Sad 1990}) (
8... b6 9. Ne5 Bb7 10. Qf3 Ne8 11. Qh3 Ndf6 12. Qh4 Nd6 13. O-O-O Qc8 14. Bh6
Bxh6 15. Qxh6 Nf5 16. Qh3 $14 {Ljubisavljevic,Z-Vlahovic,S/Pula 1991}) (8... c4
9. Bc2 b5 10. Ne5 Bb7 11. O-O Ne4 12. Nxe4 dxe4 13. Bh4 {1/2-1/2 Medina,
M-Mieles Palau,D/Guayaquil 2003}) 9. exd4 h6 10. Bxf6 $5 {I'm not so sure
about the bishop's prospects on h4, but may be White should've kept it on the
board.} (10. Bh4) 10... Nxf6 11. Ne5 Bf5 $6 12. Bxf5 gxf5 13. O-O (13. Qe2 {
deserved attention aiming to push g4 as fast as possible.} Rb8 14. Rg1 e6 15.
g4 fxg4 16. Nxg4 Nxg4 17. Qxg4 Qf6 18. Nf3 b5 19. Ne5 Rb7 $132) 13... Qd6 14.
a4 $6 a6 15. a5 Rfb8 16. h3 (16. Qf3 b6 17. axb6 Qxb6 18. b4 Qc7 (18... a5 $2
19. Rxa5 Rxa5 20. bxa5 Qxa5 21. Nc6 $18) 19. Ra3 $13 {[%csl Ra6][%cal Gf1a1]})
16... b6 17. axb6 Rxb6 18. b4 Qc7 19. Rf3 e6 20. Kh1 Rbb8 {[%cal Ga6a5]} 21.
Qe2 (21. g4 a5) 21... a5 $1 $132 {White can't afford to take on a5 so black
gets a dangerous passed pawn on the a-file.} 22. b5 (22. Rxa5 Rxa5 23. bxa5
Qxa5 $15) 22... a4 23. g4 a3 24. gxf5 (24. g5 hxg5 25. fxg5 Ne4 $17) 24... exf5
25. Rg3 Kh7 26. Qd3 $6 {White is playing with a fire. It was just about a time
to initiate multiple exchanges with} (26. c4 dxc4 27. Qxc4 Qxc4 28. Ndxc4 Rxb5
29. Rgxa3 Rxa3 30. Rxa3 Nh5 $11) 26... Ne4 27. Nxe4 fxe4 28. Qe2 f6 29. Nc6 Rb7
30. Qg4 $6 (30. c4 Qxf4 31. Kg2 dxc4 32. Rf1 Qxf1+ (32... Qd6 33. Qxe4+ Kh8 34.
Na5 Rba7 35. Nxc4 Qd7 36. b6 $13) 33. Qxf1 a2 34. Ra3 Rxa3 35. Qf5+ Kg8 36.
Qe6+ Rf7 37. Ne7+ Kf8 38. Ng6+ $11) 30... Qd7 $15 (30... Rxb5 31. Rxa3 $1 Rxa3
32. Qg6+ Kh8 33. Qe8+ Kh7 $11) 31. Qg6+ $2 (31. Qh5 $5 Rxb5 32. Nb4 Rba5 33.
Rag1 Rg8 34. c4 a2 35. Nxd5 Ra6 36. Qg6+ Kh8 $13) 31... Kh8 32. c4 a2 33. Kh2
dxc4 34. Qxe4 Rxb5 $19 35. Rg2 (35. Ne5 Qb7 36. Qxb7 Rxb7 37. Nxc4 Rb1 38. Rg1
Rc8 39. Ne3 Rc3 40. Nf5 Rc2+ 41. Kg3 Rcb2 $19) 35... Re8 36. Qg6 Rb3 37. f5
Qc7+ 38. Ne5 Rxe5 39. Qxg7+ Qxg7 40. Rxg7 Re2+ 0-1

[Event "EU-Cup 19th"]
[Site "Rethymno"]
[Date "2003.09.28"]
[Round "1.1"]
[White "Winants, Luc"]
[Black "Sakaev, Konstantin"]
[Result "0-1"]
[WhiteElo "2501"]
[BlackElo "2655"]
[Annotator "Finkel,A"]
[PlyCount "88"]
[EventDate "2003.09.28"]
[EventType "team-swiss"]
[EventRounds "7"]
[EventCountry "GRE"]
[SourceTitle "CBM 098"]
[Source "ChessBase"]
[SourceDate "2004.02.03"]
[SourceVersion "1"]
[SourceVersionDate "2004.02.03"]
[SourceQuality "1"]
[WhiteTeam "Liege"]
[BlackTeam "St Petersburg"]
[WhiteTeamCountry "BEL"]
[BlackTeamCountry "RUS"]

1. d4 d5 2. Bf4 e6 3. e3 c5 4. c3 Nc6 5. Nd2 Bd6 6. Bxd6 (6. Bg3 Nf6 (6... f5
7. Ngf3 Nf6 8. Ne5 O-O 9. Be2 cxd4 10. Nxc6 bxc6 11. exd4 Rb8 12. Qc2 Ne4 13.
Bxd6 Qxd6 $11 {Lasker,E-Marshall,F/USA 1923}) 7. f4 cxd4 8. exd4 Qc7 9. Qf3 Bd7
10. Bd3 Na5 11. Nh3 Nc4 $132 {Janowski,D-Marshall,F/New York 1916}) 6... Qxd6 {
It's hard to believe that in less than 10 moves the board will be set on fire,
but chess is very unpredictable game!} 7. Qg4 $5 (7. f4 cxd4 8. cxd4 Nge7 9.
Bd3 Bd7 10. a3 f6 $13 {Schlosser,A-Schimpf,M/Germany 1995}) 7... g6 8. Qg3 Qe7
9. Bb5 (9. Ngf3 Nf6 10. Bb5 $14) 9... Nh6 10. Ngf3 Nf5 11. Qf4 (11. Qh3 O-O)
11... f6 12. h4 (12. dxc5 Qxc5 13. Bxc6+ Qxc6 14. Nd4 e5 15. Nxc6 exf4 16. Nb4
fxe3 17. Nb3 $11) 12... O-O 13. Bxc6 bxc6 14. g4 {First step in the wrong
direction} (14. e4 dxe4 15. Qxe4 cxd4 16. Nxd4 Nxd4 17. cxd4 e5 18. dxe5 Bf5
19. Qe3 Rfe8 $13) 14... Ng7 15. g5 cxd4 16. exd4 $2 {[%csl Re1] White is just
too careless. Opening up an e-file as long as whie king is still in the center
is at least unsound.} (16. cxd4) 16... e5 $1 17. dxe5 fxe5 18. Qxe5 Qf7 $36 {
[%csl Re1,Rf3]} 19. Qh2 Bg4 (19... Re8+ 20. Ne5 Qf5 21. f4 Nh5 22. O-O-O Nxf4
23. Rhf1 Qxe5 24. Qxf4 Qxf4 25. Rxf4 Re2 26. Nf3 $11) 20. Ne5 Rae8 21. O-O Rxe5
22. Qxe5 Bh3 23. Qh2 $2 {[%csl Rh2]} (23. Nb3 $1 Nh5 24. f3 Bxf1 25. Rxf1 Nf4
26. Nc5 Re8 27. Qd6 Re2 28. Nd7 $132) 23... Bxf1 24. Nxf1 Nh5 25. Ne3 Qe6 26.
Ng2 (26. Re1 Nf4 27. Kf1 Qe4 $17 {[%csl Rf1]}) 26... Qg4 $1 $17 {[%csl Rg2,Rh2]
} 27. Re1 Nf4 28. Re3 Qd1+ 29. Re1 Qg4 30. Re3 Qd1+ 31. Re1 Qd2 32. Rf1 Ne2+
33. Kh1 Qd3 34. Re1 (34. Ne3 Qe4+ 35. Ng2 Qf3 $17 {[%cal Ge2g3]}) 34... Rxf2
35. Qe5 (35. Qb8+ Rf8 36. Qc7 Qh3+ 37. Qh2 Qf3 $19) 35... Qh3+ 36. Qh2 Qg4 37.
Qb8+ Rf8 38. Qe5 Qh3+ 39. Qh2 Ng3+ 40. Kg1 Qg4 $19 41. Ne3 Ne2+ 42. Kh1 Qe4+
43. Ng2 Qf3 44. Qe5 Nf4 0-1

[Event "Nancy"]
[Site "Nancy"]
[Date "2005.02.19"]
[Round "8"]
[White "Miladinovic, Igor"]
[Black "Nezar, Mustapha"]
[Result "1-0"]
[WhiteElo "2611"]
[BlackElo "2375"]
[Annotator "Finkel,A"]
[PlyCount "77"]
[EventDate "2005.02.14"]
[EventType "tourn"]
[EventRounds "9"]
[EventCountry "FRA"]
[EventCategory "10"]
[SourceTitle "CBM 106"]
[Source "ChessBase"]
[SourceDate "2005.06.06"]
[SourceVersion "1"]
[SourceVersionDate "2005.06.06"]
[SourceQuality "1"]

1. d4 d5 2. Bg5 c6 3. Nf3 h6 4. Bh4 Qb6 5. Qc1 Bg4 $5 {Forcing white either to
develop the knight to d2 or to allow B:f3 doubling the pawns} (5... Bf5 6. e3
e6 (6... Nd7 7. Be2 e6 8. O-O Ngf6 9. c4 dxc4 10. Nbd2 Qc7 11. Bg3 Bd6 12. Bxd6
Qxd6 13. Nxc4 $14 {Maki Uuro,M-Simola,T/Salo 1998}) 7. c4 Be7 8. Bg3 Nf6 9. Nc3
dxc4 10. Ne5 O-O 11. Nxc4 Qd8 12. Be2 Na6 13. O-O $14 {Miladinovic,I-Rocha,S/
Nancy 2005}) (5... c5 6. c3 Nc6 7. e3 Bg4 8. Nbd2 cxd4 9. exd4 e6 10. Bd3 Bd6
11. Bg3 Bxg3 12. hxg3 Nge7 $11 {Klemanic,E-Koutsin,S/Slovakia 1998}) 6. Nbd2 e6
7. e3 Be7 8. Bg3 (8. Bxe7 Nxe7 9. Bd3 Nd7 10. O-O O-O 11. c4 Rac8 12. b4 a5 13.
c5 Qa7 14. a3 b6 $11 {Hurtado Oldridge,F-Galvan Huaraca,J/Valencia 2004}) 8...
Nf6 9. c4 Bxf3 $5 (9... Nbd7 10. Bd3 O-O 11. O-O c5 12. cxd5 exd5 $11) 10. c5 {
White is trying to prevent ...c5, which would lead to euality.} (10. gxf3 c5 $1
11. cxd5 Nxd5 12. dxc5 Bxc5 13. Bg2 Nc6 14. O-O Rc8 $11) 10... Qd8 11. gxf3
Nbd7 12. f4 (12. b4 $5) 12... a5 $1 13. Bd3 Nh5 (13... b6 $1 14. cxb6 Qxb6 15.
f5 exf5 16. Bxf5 c5 $132) 14. Qd1 Nxg3 15. hxg3 b6 16. cxb6 Qxb6 17. Rc1 c5 18.
Qa4 c4 $1 (18... cxd4 19. Bb5 {[%csl Rd7]} Qd6 20. Nf3 $1 {[%cal Gf3e5]} Qb4+ (
20... dxe3 $2 21. Ne5 exf2+ 22. Kxf2) (20... Bf6 $6 21. Ne5 Bxe5 22. fxe5 Qb4+
23. Qxb4 axb4 24. Rc7 $18) 21. Qxb4 Bxb4+ 22. Ke2 Bd6 23. Nxd4 $14) 19. Bc2 Rc8
$6 (19... Qxb2 $1 20. Rb1 Qa3 21. Rb7 (21. Qc6 Rd8 22. f5 (22. Rb7 Qc1+ 23. Bd1
Bb4 $19) 22... Qd6 $17) 21... Qxa4 22. Bxa4 O-O-O $1 23. Ra7 Bb4 $15) 20. f5
Bb4 21. fxe6 fxe6 22. Bg6+ Ke7 23. Qd1 Bxd2+ $6 ({Missing a chance to increase
an advantage after} 23... e5 $1 {[%csl Rd2,Rd4,Rg6]} 24. Bf5 (24. Qh5 Bxd2+ 25.
Kxd2 Rhf8 26. Qh4+ Kd6 $17) 24... exd4 25. Qg4 g6 $1 26. Bxd7 dxe3 $17) 24.
Qxd2 Qb4 (24... e5 25. Bf5 exd4 26. exd4 Rce8 27. O-O $14) 25. Rc3 Rb8 26. O-O
$5 (26. b3 cxb3 27. axb3 Rhc8 28. Rxc8 Rxc8 29. Qxb4+ axb4 30. Kd2 $11) 26...
Qxb2 27. Rc2 Qb4 28. Qe2 Rhf8 $6 (28... Nf6 $6 29. e4 dxe4 30. Rxc4 $36) (28...
Rhc8 $5 $15 {[%csl Gc4]}) 29. e4 dxe4 30. Rxc4 Qd6 31. Rfc1 $14 Rb4 (31... e3
32. Qxe3 Rb2 33. R1c2 Rxc2 34. Bxc2 Rb8 35. a3 $1 $14 {[%csl Gb4]}) 32. Bxe4
Rxc4 33. Rxc4 Nf6 34. Bg2 Re8 (34... Rd8) 35. Qe5 Qb6 $4 (35... Qxe5 36. dxe5
Nd7 37. Rc7 Kd8 38. Ra7 Nxe5 39. Rxa5 $14) 36. Rc7+ $18 Kf8 37. Rb7 {[%csl Rc7,
Rd6]} Qd8 (37... Qa6 38. Qc7) 38. Bc6 Qc8 39. Rc7 1-0

[Event "Abu Dhabi op 13th"]
[Site "Abu Dhabi"]
[Date "2003.08.22"]
[Round "6"]
[White "Mamedyarov, Shakhriyar"]
[Black "Bagheri, Amir"]
[Result "1-0"]
[WhiteElo "2585"]
[BlackElo "2500"]
[Annotator "Finkel,A"]
[PlyCount "35"]
[EventDate "2003.08.16"]
[EventType "swiss"]
[EventRounds "9"]
[EventCountry "UAE"]
[SourceTitle "CBM 097"]
[Source "ChessBase"]
[SourceDate "2003.11.11"]
[SourceVersion "1"]
[SourceVersionDate "2003.11.11"]
[SourceQuality "1"]

1. d4 Nf6 2. Bg5 d5 3. Bxf6 exf6 4. e3 c6 5. Bd3 Bd6 6. Nd2 O-O 7. Qf3 Na6 (
7... Re8 8. Ne2 Nd7 (8... Na6 9. c3 Nc7 10. h4 Qd7 11. g3 Qg4 12. Qg2 Qh5 13.
Nf4 $14 {Agdestein,S-Dannevig,O/Asker 2000}) 9. O-O-O (9. h4 Nf8 10. g4 Be6 11.
O-O-O c5 12. dxc5 Bxc5 13. Nb3 Rc8 14. Nf4 $16 {Piket,J-Stull,N/Lyon 1990}) (9.
O-O Nf8 10. c4 Bb8 11. cxd5 cxd5 12. Rfc1 b6 13. Rc2 Bb7 14. Rac1 $16 {Ionescu,
D-Baratosi,D/Tusnad 2000}) 9... b5 10. g4 Nb6 11. h4 Nc4 12. Kb1 (12. g5 g6 13.
h5 f5 14. hxg6 {1/2-1/2 Meduna,E-Lukacs,P/Trnava 1986/EXT 97 (14)}) 12... Bb4
13. c3 Bf8 14. g5 g6 $132 {Psakhis,L-Podgaets,M/Kharkov 1985}) (7... Nd7 8. Ne2
Nb6 (8... b5 9. e4 Nb6 10. O-O Nc4 11. Bxc4 dxc4 12. Qe3 Qb6 13. f4 f5 $15 {
Berkes,F-Meszaros,T/Paks 1998}) 9. g4 Na4 10. Rb1 c5 11. b3 Nb6 12. c3 $14 {
Piket,J-Ivanchuk,V/Roquebrune 1992}) (7... a5 8. Ne2 a4 9. O-O (9. g4 Be6 10.
h4 Qc8 11. Rg1 Na6 12. c3 c5 13. g5 f5 14. Kf1 c4 15. Bc2 $16 {Berkes,
F-Jamrich,G/Visegrad 1998}) 9... Re8 10. c4 dxc4 11. Nxc4 Bc7 12. e4 $14 {
Hodgson,J-Langeweg,K/Candas 1992}) (7... Be6 8. Ne2 Re8 9. g4 Nd7 10. h4 c5 11.
c3 cxd4 12. exd4 a6 13. Nf1 Qb6 14. O-O-O Qa5 $13 {Meduna,E-Brustman,A/
Cappelle la Grande 1995}) 8. c3 (8. a3 Nc7 9. Ne2 Ne6 10. c4 Ng5 11. Qh5 g6 12.
Qh4 Re8 13. cxd5 cxd5 14. Nc3 Be7 15. f4 f5 $13 {Hodgson,J-Taimanov,M/Yerevan
1986}) 8... Nc7 9. Ne2 g6 (9... Ne6 10. h4 Re8 11. O-O-O a5 12. g4 Nf8 13. Ng3
Bxg3 14. Qxg3 a4 15. a3 b6 16. Bc2 $14 {Delchev,A-Spasov,V/BUL 1995}) 10. g4 $1
{Not letting black to get some space by playing ...f5.} c5 $6 (10... b5 11. h4
b4 12. h5 bxc3 13. Nxc3 Rb8 14. Nb3 $14) 11. dxc5 Bxc5 12. h4 $16 {White's
plan is to deliver a mate over the h-file to black king. It's interesting that
inspite of being fully aware of white's plans black didn't succed to prevent
worst scenario!} b5 13. h5 Ne6 14. Nf4 $1 Nxf4 15. Qxf4 b4 $2 {This move is
the decisive mistake. After only reasonable move that lack could've tried
instead the position would remain pretty complicated.} (15... g5 $8 16. Qf3 b4
$1 17. c4 dxc4 $1 18. Bxc4 (18. Bxh7+ Kxh7 19. Qxa8 Bxg4 20. Qe4+ (20. Qg2 c3
21. bxc3 bxc3 22. Nb3 f5 23. Nxc5 Qd2+ 24. Kf1 c2 $13) 20... f5 21. Qxc4 Qe7
22. Qb3 f4 23. e4 Rd8 $132) 18... Qb6 $1 19. Bd5 Rb8 20. O-O-O Be7 $14) 16. Qh6
$18 {[%csl Rg6] Now it's over.} Qc7 17. hxg6 fxg6 18. Bxg6 (18. Bxg6 hxg6 19.
Qh8+ Kf7 20. Qh7+ $18) 1-0

[Event "Minneapolis HB Global op"]
[Site "Minneapolis"]
[Date "2005.05.22"]
[Round "9"]
[White "Lawson, Eric"]
[Black "Sharavdorj, Dashzeveg"]
[Result "0-1"]
[WhiteElo "2367"]
[BlackElo "2453"]
[Annotator "Finkel,A"]
[PlyCount "66"]
[EventDate "2005.05.18"]
[EventType "swiss"]
[EventRounds "9"]
[EventCountry "USA"]
[SourceTitle "CBM 107"]
[Source "ChessBase"]
[SourceDate "2005.08.01"]
[SourceVersion "1"]
[SourceVersionDate "2005.08.01"]
[SourceQuality "1"]

1. d4 Nf6 2. Bg5 d5 3. Bxf6 exf6 4. e3 Bd6 5. g3 c6 6. Nd2 O-O 7. Bg2 Nd7 8.
Ne2 f5 9. O-O (9. a3 Nf6 10. c4 dxc4 11. Nxc4 Bc7 12. Nc3 Qe7 13. O-O Be6 14.
Nd2 Rad8 15. Qc2 Bb8 16. b4 h5 $13 {Vroomhout,E-Willemze,T/Haarlem 2004}) 9...
Nf6 10. c4 dxc4 (10... Be6 11. cxd5 (11. c5 Be7 12. b4 a5 13. a3 b5 14. a4 Qb8
15. axb5 Qxb5 16. bxa5 Rxa5 17. Rb1 Qa6 18. Nf3 Ra2 19. Nf4 $14 {Gaerths,
R-Zacharias,C/Germany 2003}) 11... Bxd5 12. Bxd5 Nxd5 13. Qb3 Rb8 14. Nc3 Nf6
15. Rfd1 Qd7 16. Qa4 a6 17. d5 cxd5 18. Qxd7 Nxd7 19. Nb3 Nf6 $11 {Vallejo
Pons,F-Gelfand,B/Monaco 2004}) 11. Nxc4 Bc7 12. Nc3 (12. Qc2 Be6 13. Rac1 g6
14. Nd2 Bd5 15. Bxd5 Nxd5 16. Nc3 h5 17. Nxd5 Qxd5 18. Qb3 Qxb3 19. Nxb3 $14 {
Rusev,K-Mladenov,I/Razgrad 2002}) 12... Be6 13. Qd3 Qe7 14. a3 a5 15. Rfd1 $6 {
White's only reasonable plan in the position is to push b4, for good and for
bad. So he should've tried to do so:} (15. Rab1 Rfd8 (15... a4 16. Nd2 Rfd8 17.
Qc2 Ba5 18. Rfd1 Bxc3 19. Qxc3 Bd5 $11) 16. b4 axb4 17. axb4 b5 18. Nd2 Ra6 19.
Ra1 Rda8 20. Rxa6 Rxa6 21. Rb1 Bd6 22. d5 $13) 15... Rfd8 16. Qf1 $6 h5 $1 17.
Rab1 a4 18. Rdc1 h4 $17 {[%csl Rg1][%cal Gg7g6,Gg8g7,Gf6g4,Ge7g5,Gg5h5,Gd8h8]
Black has a clear plan of attack on the kingside, while White is deprived of
any counterplay.} 19. Nd2 hxg3 20. hxg3 Ng4 21. b4 $6 (21. Nf3 Qf6 $15) 21...
axb3 22. Nxb3 Qg5 $6 ({Missing an opportunity to win some material.} 22... Nxe3
$1 23. fxe3 Bxb3 24. Nb5 $8 (24. Rxb3 Qxe3+ 25. Kh1 Qxg3 26. Kg1 Qe3+ 27. Kh1
Rxd4 $19 {[%cal Gd4h4]}) 24... Qxe3+ 25. Qf2 Qxf2+ 26. Kxf2 cxb5 27. Rxb3 Bb6
$17) 23. Qe2 Re8 $6 ({It was much better to play} 23... Rxa3 $1 24. Nc5 Bxg3
25. fxg3 (25. Nxe6 Bh2+ 26. Kf1 fxe6 27. Rxb7 Rxd4 $19) 25... Bc4 $1 26. Qd2 (
26. Qxc4 Qxe3+ 27. Kh1 Qxg3 28. Kg1 Qh2+ 29. Kf1 Ne3+ $17) 26... Qh6 27. Bf3
Rxd4 $1 $19 {[%csl Rg1] with decisive attack.}) 24. Nc5 Bc8 25. Nxb7 Bxg3 $1 {
Better later than never!} 26. fxg3 Rxe3 27. Qd2 Bxb7 $6 (27... Qh5 28. Nc5 Qh2+
29. Kf1 Rxg3 $19) 28. Rxb7 (28. Nd1 $1 Raxa3 29. Nxe3 Ra2 30. Qc3 Nxe3 31. Rb2
Rxb2 32. Qxb2 Qxg3 $17) 28... Rae8 $19 {[%csl Rg1][%cal Gg5h5,Gh5h2]} 29. d5
Qh5 30. Rb4 Qh2+ 31. Kf1 Rf3+ 32. Bxf3 Qxd2 33. Ne2 Rxe2 0-1

[Event "American Continental 2nd"]
[Site "Buenos Aires"]
[Date "2003.08.25"]
[Round "7"]
[White "Roselli Mailhe, Bernardo"]
[Black "Perdomo, Leandro Daniel"]
[Result "1/2-1/2"]
[WhiteElo "2440"]
[BlackElo "2304"]
[Annotator "Finkel,A"]
[PlyCount "144"]
[EventDate "2003.08.17"]
[EventType "swiss"]
[EventRounds "11"]
[EventCountry "ARG"]
[SourceTitle "CBM 097"]
[Source "ChessBase"]
[SourceDate "2003.11.11"]
[SourceVersion "1"]
[SourceVersionDate "2003.11.11"]
[SourceQuality "1"]

{[%mdl 64]} 1. d4 Nf6 2. Nf3 g6 3. Nc3 d5 4. Bf4 Bg7 5. e3 O-O 6. Be2 c5 (6...
b6 $5) 7. Ne5 Nc6 ({White keeps little advantage after} 7... cxd4 8. exd4 e6 9.
O-O Nfd7 10. Re1 Nxe5 11. Bxe5 Bh6 (11... Bxe5 12. dxe5 $14) 12. Nb5 Nc6 13.
Bd6 Re8 14. Bg3 $14 {1-0 Balashov,Y-Gufeld,E/SSSR-ch 1969 (65)}) 8. O-O Ne4 $6
{There is no reason to spoil the pawn structure.} (8... cxd4 9. exd4 Qb6 (9...
Bf5 10. Nxc6 bxc6 11. Be5 Ne4 12. Nxe4 Bxe5 13. dxe5 Bxe4 $11 {Tomczak,R-Nunn,
J/Germany 1999/GER-chT2}) (9... Nd7 10. Nf3 Nb6 11. h3 f6 12. a4 a5 13. Bb5 Bf5
14. Re1 Nb4 15. Rc1 Rc8 $13 {Hebden,M-Akesson,R/Port Erin 2000}) 10. Nxc6 bxc6
(10... Qxc6 $5 11. Bf3 Ne4 (11... Bf5 $5 12. Re1 Rfe8 $11) 12. Bxe4 dxe4 13.
Re1 f5 14. d5 Qb6 15. d6 exd6 16. Bxd6 Re8 $15 {Sznapik,K-Apicella,M/Avoine op
1996}) 11. Na4 Qa5 12. c3 Nd7 13. b4 Qd8 14. Qd2 e5 15. Bh6 Bxh6 16. Qxh6 $14 {
Hebden,M-Nunn,J/Hastings 1996}) (8... Bf5 9. g4 (9. Re1 Qa5 10. Qd2 Rfd8 11. a3
c4 12. b4 Qb6 13. f3 Ne8 $132 {Chatalbashev,B-Efimenko,Z/Ohrid 2001}) 9... cxd4
10. exd4 Be6 11. Nxc6 bxc6 12. Na4 Qc8 13. f3 Nd7 14. b4 a5 $15 {Fenoglio,
V-Rossetto,H/Mar del Plata 1943}) (8... Nd7 9. Nxd7 Bxd7 10. dxc5 e5 11. Bg3
Be6 12. Na4 Qa5 13. c3 b5 14. cxb6 axb6 15. b3 Rfc8 $44 {Cobb,C-Buckley,S/
Monmouth 2000}) 9. Nxe4 dxe4 10. Nxc6 bxc6 11. c3 Qb6 12. Qc2 $14 {[%csl Re4]}
cxd4 13. cxd4 Be6 14. b3 $6 {Too slow. It was correct to play} (14. Qxe4 Qxb2
15. Bf3 Rac8 (15... Bd5 16. Qxe7 Bxf3 17. gxf3 $16) 16. a4 Rfe8 17. Rfb1 Qd2
$14) 14... Bd5 15. Rfc1 h6 16. h4 $5 (16. Rab1 g5 17. Bg3 f5 18. Be5 Bxe5 19.
dxe5 f4 20. Qc3 $13) 16... Rfc8 17. Bc4 $6 {Giving up all his advantage. Even
though it must be mentioned that it's not clear ho white can make progress in
th following position.} Qb7 18. Bxd5 cxd5 19. Qb2 Bf8 $1 $11 20. Rxc8 Rxc8 21.
Rc1 Rc6 22. Rxc6 Qxc6 23. b4 a6 24. Qb3 e6 25. a3 (25. a4 $6 Qc4 $1 26. Qxc4
dxc4 $17 27. b5 axb5 28. axb5 c3 29. b6 c2 30. b7 c1=Q+ 31. Kh2 Qb2 32. b8=Q
Qxf2 33. Bd6 $11) 25... Kg7 26. Kf1 $2 Qb5+ $6 ({Black queen would be
perfectly placed on c1:} 26... Qc1+ $1 27. Ke2 {[%csl Re2]} Be7 28. a4 Bd8 $1
29. b5 $140 $6 Ba5 $17) 27. Kg1 Qc6 28. Be5+ f6 29. Bg3 h5 30. Kh2 Be7 31. Bf4
(31. a4 Qc4 32. Qxc4 dxc4 33. b5 axb5 34. axb5 Bd8 35. Bd6 c3 36. Ba3 Kf7 37.
Kg1 Be7 38. Bc1 Ke8 $17) 31... Kf7 32. Bg3 Kg7 33. Qd1 Kf7 34. Kg1 Kg7 35. Qd2
Qc4 36. Qb2 Qc6 37. Bf4 Kf7 38. Bb8 Qb7 39. Bg3 Qc6 40. Qb3 Qc1+ 41. Kh2 Qc6
42. Bf4 Kg7 43. Qb2 Kf7 44. Bg3 Kg7 45. f4 $6 Bd6 46. Be1 Kf7 47. Bc3 g5 $15
48. hxg5 fxg5 49. g3 g4 $6 (49... Kg6 50. Kg2 Qc4 $17) 50. Kg2 Kg6 51. Kf2 Qa4
52. Ke1 Be7 53. Bd2 h4 54. Qc1 Qd7 (54... h3 55. Qc8 Kf7 56. f5 $11) 55. Qd1
Kf5 56. gxh4 Bxh4+ 57. Kf1 Qc6 (57... Qb5+ 58. Qe2 Qa4 59. Bc1 Qb3 60. Kg2) 58.
Be1 Qc4+ 59. Kg1 Qd3 $6 60. Qxd3 exd3 61. Bd2 Ke4 62. Kg2 $11 Bd8 63. Kg3 Kf5
64. a4 Bb6 65. Kf2 Ke4 66. b5 axb5 67. axb5 Bc7 68. Kg3 Kf5 69. Bb4 Ke4 70. Bd2
Kf5 71. Kf2 Ke4 72. Kg3 Kf5 1/2-1/2